000 00828nam a2200253Ia 4500
003 OSt
005 20220918171355.0
006 a|||||r|||| 00| 0
007 ta
008 220917b |||||||| |||| 00| 0 eng d
020 _a9781580465397 (hbk)
_cUKP 80.00
024 _a353,209
037 _b4453, 06/03/2020, Govinda Book House
_cTextual
040 _aARTS
_cARTS
_beng
041 _2eng
_aeng
082 _aV687, Q5
100 _aShanguhyia Martin S. Au.
_936163
245 0 _aPoulation, tradition, and environmental control in colonial kenya
260 _aRochester
_bUniversity of Rochester Press USA
_c2015
300 _axiv,323p.
_ccm.
650 _aKENYA - HISTORY
_932868
942 _hV687, Q5
_cTEXL
_2CC
999 _c139266
_d139266